Caricamento...

Ordinary differential equations: 1971 NRL-MRC Conference

Dettagli Bibliografici
Altri autori: Weiss, Leonard (Redattore)
Natura: Printed Book
Pubblicazione: Academic Press, New York 1972
Soggetti:
LEADER 00541nam a2200169 4500
082 |a 515.35 WEI-O 
100 |a Weiss, Leonard,   |e Editor 
245 |a Ordinary differential equations: 1971 NRL-MRC Conference  |c Leonard Weiss  
250
260 |a Academic Press, New York  |c 1972 
300
490
650 |a Differential equations-- Analysis-- Mathematics 
700 |e Editor 
942 |c BK 
999 |c 201204  |d 201204 
952 |0 0  |1 0  |4 0  |6 515_350000000000000_WEIO  |7 0  |9 214553  |a MAT  |b MAT  |l 0  |o 515.35 WEI-O  |p MAT2139  |r 2019-11-01  |w 2019-11-01  |y BK